000 005640000a22001810004500
003 MACL
005 20160526133945.0
008 160526b xxu||||| |||| 00| 0 eng d
040 _aMACL
_cMACL
041 _aHindi
082 _a891.432
100 _aमिश्र, शिव सागर
_959769
245 _aअमर ज्‍योति
_cशिव सागर मिश्र
260 _bअभियान प्रकाशन
_c1999
_aगाजियाबाद
350 _a200
650 _aDrama
_959770
942 _cHIN
_k891.433/MIS/N
_2ddc
999 _c11412
_d11412